000 00570nam a2200181Ia 4500
003 Ost
005 20260507075701.0
008 260507s9999||||xx |||||||||||||| ||und||
020 _a8059358977
040 _cfsecg
041 _aara
100 _aلعمارة، جمال
_eمؤلف
245 0 _aمنهجية الميزانية العامة للدولة في الجزائر /
_c جمال لعمارة
260 _aالقاهرة:
_bدار الفجر للنشر و التوزيع,
_c2004
300 _a254 صفحة؛
653 _aميزانية
942 _cكتاب
999 _c45836
_d45836